Statistics for Swallows and Amazons series list

Click here to take the quiz!

General Stats

  • This quiz has been taken 17 times
  • The average score is 11 of 12

Answer Stats

#Answer% Correct
#10Missee Lee
100%
#3Peter Duck
100%
#6Pigeon Post
100%
#2Swallowdale
100%
#1Swallows and Amazons
100%
#4Winter Holiday
100%
#5Coot Club
90%
#9The Big Six
80%
#7We Didn't Mean to go to Sea
80%
#12Great Northern?
70%
#8Secret Water
70%
#11The Picts and the Martyrs
70%

Score Distribution

Percentile by Number Answered

Percent of People with Each Score

Your Score History

You have not taken this quiz